000 00375nab a22001097u 4500
008 130520b2003 xxu||||| |||| 00| 0 spa d
041 _aspa
100 1 _aDussel, Enrique D.
_98971
245 0 0 _aDignidad: negación y reconocimiento en un contexto concreto de liberación
_cEnrique D. Dussel
773 0 _tConcilium
_gnº300,2003,págs. 105-118
_x0210-1041
_wRev134
942 _cAR
999 _c363802
_d363802